Sabah : the first 100 years

Bibliographic Details
Main Author: Leong, Cecilia
Format: Book
Published: Kuala Lumpur : Percetakan Nan Yang Muda , 1982
Subjects:

MARC

LEADER 00000cam a2200000 7i4500
001 0000003700
002 000003984
005 20000330.0
020 |a T000000309 
090 0 0 |a 959.534   |b LEO 
100 1 |a Leong, Cecilia 
245 1 0 |a Sabah :   |b the first 100 years   |c Cecilia Leong 
260 |a Kuala Lumpur :   |b Percetakan Nan Yang Muda ,   |c 1982 
300 |a 234p. :   |b ill. ;   |c 21cm. 
651 0 |a Sabah   |x History 
999 |a 037152   |b BUKU   |c MALAYSIANA   |e PERPUSTAKAAN KOMUNITI PETALING JAYA